| 000 | 00925cam a2200277 a 4500 | ||
|---|---|---|---|
| 001 | 1212977 | ||
| 003 | OSt | ||
| 005 | 20150703104108.0 | ||
| 008 | 990222s1999 nyu 001 0 eng | ||
| 010 | _a 99020595 | ||
| 020 | _a0887309518 | ||
| 040 | _aSEKU | ||
| 050 | 0 | 0 |
_aHC 110 _b.S3T47 |
| 100 | 1 | _aThurow, Lester C. | |
| 245 | 1 | 0 |
_aBuilding wealth : _bthe new rules for individuals, companies, and nations in a knowledge-based economy / _cLester C. Thurow. |
| 260 |
_aNew York, NY : _bHarperCollins, _cc1999. |
||
| 300 |
_axvi, 301 p. ; _c25 cm. |
||
| 500 | _aIncludes index. | ||
| 650 | 0 |
_aSaving and investment _zUnited States. |
|
| 650 | 0 |
_aKnowledge management _zUnited States. |
|
| 650 | 0 |
_aAbility _zUnited States. |
|
| 650 | 0 |
_aWealth _zUnited States. |
|
| 856 | 4 | 2 |
_3Contributor biographical information _uhttp://www.loc.gov/catdir/enhancements/fy1308/99020595-b.html |
| 942 |
_2lcc _cGEN |
||
| 999 |
_c5103 _d5103 |
||